Grzyby jadalne - Nagła Śmierć #2 - Statystyki

Ogólne statystyki
  • Ten quiz został rozwiązany 67 razy
  • Średni wynik to 5 z 20
Answers on the Grid
Answers color-coded by a green-red scale on the quiz's grid according to % correct below.
Drewniak szkarłatny
Boczniak mikołajkowy
Mleczej kokosowy
Borowik ciemnobrązowy
Aksamitkówka złota
Blaszkowiec drobnozarodnikowy
Borowik płowy
Mleczej pomarańczowy
Czyreń dębowy
Gąska gołębia
Czernidłak kołpakowaty
Gąska niekształtna
Kisielec smołowaty
Buławinka czerwona
Gąska czerwieniąca
Boczniak topolowy
Czubajka czerwieniejąca
Wilgotnica czerniejąca
Maślak szary
Maślanka łagodna
Gołąbek agrestowy
Iwoporek anyżkowy
Mleczej wełnianka
Gąska zielonka
Lajkowiec dęty
Maślanka wiązkowa
Koźlarz topolowy
Borowik purpurowy
Jodłownica górska
Hubiak pospolity
Gołąbek śmierdzący
Maślak błotny
Mleczej niebieskawy
Muchomor plamisty
Tęgoskór cytrynowy
Boczniak ostrygowaty
Gąska żółtobrunatna
Borowik cytrynowy
Pieczarka dwuzarodnikowa
Opieńka ciemna
 
Statystyki odpowiedzi
Odpowiedź % Poprawnych
Borowik ciemnobrązowy
70%
Boczniak mikołajkowy
45%
Maślak szary
45%
Koźlarz topolowy
39%
Borowik płowy
32%
Gąska zielonka
32%
Maślak błotny
32%
Boczniak ostrygowaty
30%
Boczniak topolowy
30%
Borowik cytrynowy
30%
Opieńka ciemna
27%
Gąska niekształtna
23%
Pieczarka dwuzarodnikowa
23%
Czernidłak kołpakowaty
16%
Mleczej kokosowy
16%
Lajkowiec dęty
14%
Maślanka łagodna
14%
Czubajka czerwieniejąca
11%
Gąska czerwieniąca
7%
Mleczej niebieskawy
2%
Nie znaleziono quizów pasujących do podanych kryteriów
Rozkład punktacji
Procent ludzi z każdym wynikiem
Percentyl według liczby udzielonych odpowiedzi
Twoja historia wyników
Nie rozwiązałeś tego quizu